000
00286nam a2200121Ia 4500
008
240731s9999 xx 000 0 und d
022
_a
2058-8038
245
0
_a
Impact
260
_b
Taylor & Francis
856
_u
https://www.tandfonline.com/loi/timp20
942
_2
ddc
942
_c
TFEJ
999
_c
76931
_d
76931
945
_a
1
_b
Madushi Gamage
_c
1
_d
Madushi Gamage